Najlepsi piłkarze danego kraju - Statystyki

Ogólne statystyki
  • Ten quiz został rozwiązany 4 939 razy
    4 937 od ostatniego zresetowania
  • Średni wynik to 9 z 13
Statystyki odpowiedzi
Hint Odpowiedź % Poprawnych
Polska Lewandowski,
94%
Portugalia Ronaldo
92%
Argentyna Messi
91%
Brazylia Neymar
89%
Francja Mbappe
87%
Korea połudn. Son
82%
Urugwaj Suarez
70%
Belgia de Bruyne,
64%
Norwegia Halland
63%
Niemcy Muller,
58%
Holandia de Jong
34%
Egipt Salach
30%
USA Ferreira
1%
Nie znaleziono quizów pasujących do podanych kryteriów
Rozkład punktacji
Procent ludzi z każdym wynikiem
Percentyl według liczby udzielonych odpowiedzi
Twoja historia wyników
Nie rozwiązałeś tego quizu od ostatniego zresetowania